الزلازل من فجر التاريخ إلى اليوم / (Record no. 14912)

MARC details
000 -الفاتح
حقل البيانات ثابتة الطول 01113nam a22003015a 4500
003 - محدد رقم الضبط
رقم الضبط OSt
005 - وقت وتاريخ اخر تعامل مع التسجيلة
رقم الضبط 20240818095900.0
008 - عناصر البيانات ثابتة الطول - معلومات عامة
حقل البيانات ثابتة الطول 110118s1996 ua a frb 000 0 ara d
017 ## - رقم الإيداع القانونى
رقم الإيداع القانونى 1996 / 10826
020 ## - الرقم الدولى المعيارى للكتب
الرقم الدولى المعيارى للكتاب 9770149950
040 ## - مصدر الفهرسة
وكالة الفهرسة الأصلية EG-ScBUE
لغة الفهرسة ara
وكالة النسخ EG-ScBUE
082 04 - رقم تصنيف ديوى العشرى
رقم التصنيف 551.22
رقم المادة س ل ي
رقم الطبعة 22
100 1# - المدخل الرئيسى - إسم شخصى
الإسم الشخصى سليمان، مصطفى محمود.
9 (RLIN) 39456
245 12 - بيان العنوان
العنوان الزلازل من فجر التاريخ إلى اليوم /
بيان المسئوليه,etc مصطفى محمود سليمان.
260 ## - PUBLICATION, DISTRIBUTION, ETC. (IMPRINT)
مكان الناشر او الموزع القاهرة :
اسم الناشر او الموزع الهيئة المصرية العامة للكتاب،
تاريخ النشر أو التوزيع 1996.
300 ## - الوصف المادى
التعداد 339 ص. :
تفاصيل ماديه اخرى للوعاء إيض. ؛
أبعاد الوعاء 24 سم.
336 ## - نوع المحتوى
source rdacontent
Carrier Type Term نص
Content Type Code txt
337 ## - نوع الوسيط
Media Type Term بدون وسيط
source rdamedia
Media Type Code n
338 ## - نوع الحامل أو الناقل
Carrier Type Term مجلد
Carrier Type Code nc
source rdacarrier
490 0# - بيان السلسلة
عنوان السلسلة ألف كتاب الثاني ؛
رقم المجلد/ التعيين التسلسلي 239
504 ## - تبصرة ببليوجرافية
تبصرة ببليوجرافية,الخ ببليوجرافية : ص. 325-331.
541 ## - تبصرة المصدر المباشر للتزويد
مصدر التزويد د. مصطفى محمود سليمان ؛
طريقة التزويد إهداء ؛
650 #7 - المدخل الاضافى بالموضوع-مصطلح موضوعى
مصطلح موضوعي أو اسم جغرافي كعنصر مدخل الزلازل.
مصدر الرأس أو المصطلح BUEsh
9 (RLIN) 22048
650 #7 - المدخل الاضافى بالموضوع-مصطلح موضوعى
مصطلح موضوعي أو اسم جغرافي كعنصر مدخل الكوارث.
مصدر الرأس أو المصطلح BUEsh
9 (RLIN) 22050
651 ## - المدخل الاضافى بالموضوع - اسم جغرافى
مصدر الرأس أو المصطلح BUEsh
653 ## - مصطلح تكشيفى غير مقيد
Resource For college Generalities
Arrived date list December2017
942 ## - عناصر المدخل الإضافي( كوها)
مصدر التصنيف او مخطط الترفيف Dewey Decimal Classification
جزء التصنيف RDA-MOD
Holdings
حالة التراجع حالة الفقد مصدر التصنيف او خطة الترفيف حالة تلف ليس للاعارة مجموعات كوها المكان الدائم المكان الحالي موقع الترفيف تاريخ الاكتساب Source of acquisition رقم الاستدعاء الباركود Date last seen مُعار تبصرة غير عامة( المفوع للعناصر المفقوده) نوع الوعاء
    Dewey Decimal Classification     Donation-Gift Central Library Central Library First floor 18/01/2011 Donation 551.22 س ل ي 000022746 15/07/2025 27/03/2012 إهداء من دكتور مصطفى سليمان Book - Borrowing
    Dewey Decimal Classification     Donation-Gift Central Library Central Library First floor 19/12/2017 Donation 551.22 س ل ي 000042683 15/07/2025   إهداء من دكتور مصطفى سليمان Book - Borrowing
    Dewey Decimal Classification     Donation-Gift Central Library Central Library First floor 19/12/2017 Donation 551.22 س ل ي 000042684 15/07/2025   إهداء من دكتور مصطفى سليمان Book - Borrowing